Selena Gomez - Chansons de l'album Rare - Statistiques

Statistiques générales
  • Ce quiz a été pris 15 fois
  • Le résultat moyen est 10 sur 17
Statistiques - réponses
Hint Réponse % Correct
1 Rare
100%
4 Lose You To Love Me
93%
7 People You Know
86%
Bonus Track Boyfriend
79%
3 Look At Her Now
79%
5 Ring
71%
9 Crowded Room
64%
Bonus Track Feel Me
57%
11 Fun
57%
6 Vulnerable
57%
13 A Sweeter Place
50%
Bonus Track Souvenir
50%
8 Let Me Get Me
36%
12 Cut You Off
29%
2 Dance Again
29%
10 Kinda Crazy
29%
Bonus Track She
29%
Aucun quiz correspondant
Distribution des résultats
% des personnes avec chaque résultat
Percentile par nombre de réponses
Votre historique - résultats
Vous n’avez pas pris ce quiz